000 00813nam a2200301Ia 4500
001 9611
003 IT-RoPAU
008 130308s9999 xx 000 0 und d
040 _aIT-RoPAU
040 _cIT-RoPAU
041 _aINGLESE
100 _aDuscha Julius
100 _gCodice Aut. SPICS: 7037
245 2 _aA Free and Accessible Press
245 _bMass Media-Forces in Our Society
250 _a2a ed.
260 _aNEW YORK
260 _bHarcourt Brace Jovanovich
260 _c1975 [1° Ed.:1972 - Ed.Ling.Originale:1972]
300 _a"7 p. (prefazione: no ; testo: 7 [pagine: 206-212])"
500 _aStampa libera e Accessibile
650 _aSAGGI DI COMUNICAZIONE SOCIALE
650 _eCodice materia Spics: 3807
942 _cBK
957 _71
999 _c44614
_d44614
999 _bSI
999 _g1